[Event "Montseny op 3rd"]
[Site "Montseny"]
[Date "2012.04.21"]
[Round "2"]
[White "Casset Bello, Elena"]
[Black "Pages Ruiz, Eduard"]
[Result "0-1"]
[WhiteElo "1910"]
[BlackElo "2013"]
[PlyCount "90"]
[EventDate "2012.04.14"]
[EventType "swiss"]
[EventRounds "8"]
[EventCountry "ESP"]
[SourceTitle "CBM 148 Extra"]
[Source "ChessBase"]
[SourceDate "2012.06.22"]
[SourceVersion "1"]
[SourceVersionDate "2012.06.22"]
[SourceQuality "1"]

1. d4 Nf6 2. c4 e5 3. dxe5 Ng4 4. Bf4 Nc6 5. Nf3 Bb4+ 6. Nbd2 0-0 7. e3 f6 8. exf6 Qxf6 9. Qc2 Nce5 10. Nxe5 Nxe5 11. c5 d5 12. cxd6 Bxd6 13. 0-0-0 Bf5 14. Qc3 Nd3+ 15. Bxd3 Qxc3+ 16. bxc3 Bxd3 17. Bxd6 cxd6 18. Nf3 Be2 19. Rxd6 Bxf3 20. gxf3 Rxf3 21. Rd2 Raf8 22. Rf1 Rxe3 23. fxe3 Rxf1+ 24. Kc2 Kf8 25. Kd3 Ke7 26. Kd4 Ke6 27. c4 b6 28. Rc2 Kd6 29. Rd2 g5 30. Rg2 h6 31. Re2 g4 32. Rd2 h5 33. e4 Rf3 34. Re2 Ke6 35. Rd2 Rf1 36. Re2 Rd1+ 37. Kc3 Ke5 38. Re3 Rd4 39. Re1 Rxe4 40. Rd1 Kf5 41. Rd5+ Re5 42. Rd7 Re2 43. Rxa7 Rxh2 44. Ra6 g3 45. Rxb6 g2 0-1

[Event "Barcelona Sant Marti op 1st"]
[Site "Barcelona"]
[Date "2012.03.08"]
[Round "7"]
[White "Romero Perera, Eugeni"]
[Black "Casset Bello, Elena"]
[Result "1/2-1/2"]
[WhiteElo "2106"]
[BlackElo "1918"]
[PlyCount "66"]
[EventDate "2012.01.26"]
[EventType "swiss"]
[EventRounds "9"]
[EventCountry "ESP"]
[SourceTitle "EXT 2013"]
[Source "ChessBase"]
[SourceDate "2012.11.22"]
[SourceVersion "1"]
[SourceVersionDate "2012.11.22"]
[SourceQuality "1"]

1. d4 d5 2. Nf3 Nf6 3. h3 e6 4. Bf4 c5 5. e3 Nc6 6. c3 Bd6 7. Bxd6 Qxd6 8. Nbd2 0-0 9. Bd3 b6 10. 0-0 Bb7 11. Re1 e5 12. dxe5 Nxe5 13. Nxe5 Qxe5 14. Qa4 Qc7 15. Qh4 Rfe8 16. Nf3 Rad8 17. Red1 h6 18. Qa4 Bc6 19. Qc2 Ne4 20. b4 Qd7 21. Qb2 Qe7 22. b5 Bd7 23. c4 Ng5 24. Nxg5 Qxg5 25. Kh2 Be6 26. cxd5 Bxd5 27. Bf1 Be6 28. a4 Rxd1 29. Rxd1 Rd8 30. Be2 Rxd1 31. Bxd1 Qd5 32. Qc2 Bf5 33. Qc1 Be6 1/2-1/2

[Event "Barcelona Pujol Memorial 3rd"]
[Site "Barcelona"]
[Date "2011.11.09"]
[Round "6"]
[White "Casset Bello, Elena"]
[Black "Martorell Aubanell, Adria"]
[Result "1/2-1/2"]
[WhiteElo "1881"]
[BlackElo "2113"]
[PlyCount "103"]
[EventDate "2011.09.28"]
[EventType "swiss"]
[EventRounds "9"]
[EventCountry "ESP"]
[SourceTitle "EXT 2013"]
[Source "ChessBase"]
[SourceDate "2012.11.22"]
[SourceVersion "1"]
[SourceVersionDate "2012.11.22"]
[SourceQuality "1"]

1. d4 Nf6 2. c4 g6 3. Nc3 Bg7 4. e4 d6 5. Nf3 0-0 6. Be2 e5 7. 0-0 Nc6 8. d5 Ne7 9. b4 Nh5 10. Re1 Nf4 11. Bf1 f5 12. Bxf4 exf4 13. e5 dxe5 14. Nxe5 Kh8 15. Rc1 Ng8 16. c5 Nf6 17. Bc4 Ne4 18. Nxe4 fxe4 19. Rxe4 Bf5 20. Re1 Qg5 21. Nf3 Qf6 22. Qb3 g5 23. Rcd1 g4 24. Nd4 Qh4 25. Ne6 Bxe6 26. Rxe6 g3 27. fxg3 fxg3 28. h3 Bd4+ 29. Kh1 Rf2 30. Rxd4 Qxd4 31. Qxg3 Rc2 32. Bb3 Rg8 33. Qe5+ Qxe5 34. Rxe5 Rcxg2 35. Re1 R2g3 36. Kh2 Rg2+ 37. Kh1 R2g7 38. Kh2 Rf8 39. Kh1 Rgf7 40. Kh2 Rf2+ 41. Kg3 Kg7 42. d6 cxd6 43. cxd6 R2f3+ 44. Kg2 Rf2+ 45. Kg3 Rd2 46. Re7+ Kf6 47. Rxh7 Ke5 48. Rxb7 Rd3+ 49. Kg2 Rd2+ 50. Kg3 Rd3+ 51. Kg2 Rd2+ 52. Kg3 1/2-1/2

[Event "Barcelona Pujol Memorial 3rd"]
[Site "Barcelona"]
[Date "2011.11.02"]
[Round "5"]
[White "Gutierrez Anso, Jose"]
[Black "Casset Bello, Elena"]
[Result "1/2-1/2"]
[WhiteElo "2071"]
[BlackElo "1881"]
[PlyCount "79"]
[EventDate "2011.09.28"]
[EventType "swiss"]
[EventRounds "9"]
[EventCountry "ESP"]
[SourceTitle "EXT 2013"]
[Source "ChessBase"]
[SourceDate "2012.11.22"]
[SourceVersion "1"]
[SourceVersionDate "2012.11.22"]
[SourceQuality "1"]

1. e4 e5 2. d4 exd4 3. Qxd4 Nc6 4. Qe3 Nf6 5. Nc3 Bb4 6. Bd2 0-0 7. 0-0-0 Re8 8. Qg3 Rxe4 9. a3 Rg4 10. Qe3 Ba5 11. f3 Bb6 12. Qe1 Rd4 13. Nge2 Rd6 14. Nf4 a6 15. g4 Bd4 16. g5 Bxc3 17. Bxc3 Rxd1+ 18. Kxd1 Ne8 19. Bd3 d6 20. Nd5 Be6 21. Qe4 g6 22. Nf6+ Nxf6 23. Bxf6 Qf8 24. Qf4 Ne7 25. c4 Bf5 26. Bc2 Nc6 27. h4 Re8 28. h5 Ne5 29. Qh4 Nd7 30. hxg6 Nxf6 31. gxf7+ Qxf7 32. gxf6 Re6 33. Rg1+ Bg6 34. f4 Qxf6 35. Qg4 Re4 36. Qc8+ Kf7 37. Qxc7+ Re7 38. Qb6 Bxc2+ 39. Kxc2 Re2+ 40. Kb1 1/2-1/2

[Event "Llobregat op 3rd"]
[Site "Llobregat"]
[Date "2011.05.21"]
[Round "7"]
[White "Murillo Farinas, Miguel Angel"]
[Black "Casset Bello, Elena"]
[Result "1-0"]
[WhiteElo "1943"]
[BlackElo "1882"]
[PlyCount "135"]
[EventDate "2011.04.02"]
[EventType "swiss"]
[EventRounds "7"]
[EventCountry "ESP"]
[SourceTitle "CBM 142 Extra"]
[Source "ChessBase"]
[SourceDate "2011.06.27"]
[SourceVersion "1"]
[SourceVersionDate "2011.06.27"]
[SourceQuality "1"]

1. d4 d5 2. Bg5 c6 3. Nf3 Qb6 4. Qc1 Bf5 5. Nbd2 h6 6. Bh4 e6 7. e3 Nd7 8. Be2 Be7 9. 0-0 Ngf6 10. c4 0-0 11. c5 Qd8 12. h3 Ne4 13. Bxe7 Qxe7 14. Nxe4 Bxe4 15. Qd1 e5 16. dxe5 Nxc5 17. Qd4 Nd7 18. Nd2 Qxe5 19. Qb4 b6 20. f4 Qe6 21. Nxe4 dxe4 22. Bg4 f5 23. Be2 Kh7 24. Rfd1 c5 25. Qb5 Nf6 26. Bc4 Qe7 27. Rd2 Rfd8 28. Rad1 Rxd2 29. Rxd2 Rd8 30. Rf2 Rd1+ 31. Rf1 Rd2 32. a4 Nh5 33. Qb3 Qf6 34. Rf2 Rxf2 35. Kxf2 Qh4+ 36. Kg1 Qe1+ 37. Kh2 Ng3 38. Bg8+ Kh8 39. Bc4 Ne2 40. Bxe2 Qxe2 41. Qf7 Qxe3 42. Qf8+ Kh7 43. Qxf5+ Kg8 44. Qe6+ Kh8 45. Qe8+ Kh7 46. Qe5 Qd4 47. Qf5+ Kg8 48. Qe6+ Kf8 49. Qc8+ Ke7 50. Qb7+ Kf6 51. Qc6+ Kf7 52. Qb7+ Kg8 53. Qc8+ Kh7 54. Qf5+ g6 55. Qf7+ Qg7 56. Qb3 e3 57. Qxe3 Qxb2 58. Qe7+ Qg7 59. Qe4 Qf7 60. g4 c4 61. h4 c3 62. Kg3 a6 63. Qc6 Qb3 64. Qc7+ Kg8 65. Qd8+ Kg7 66. Qd7+ Kf6 67. g5+ hxg5 68. hxg5# 1-0

[Event "Barcelona ASPE op 1st"]
[Site "Barcelona"]
[Date "2011.04.12"]
[Round "2"]
[White "Ayza Leon, David"]
[Black "Casset Bello, Elena"]
[Result "1-0"]
[WhiteElo "2189"]
[BlackElo "1882"]
[PlyCount "83"]
[EventDate "2011.04.05"]
[EventType "swiss"]
[EventRounds "9"]
[EventCountry "ESP"]
[SourceTitle "CBM 142 Extra"]
[Source "ChessBase"]
[SourceDate "2011.06.27"]
[SourceVersion "1"]
[SourceVersionDate "2011.06.27"]
[SourceQuality "1"]

1. e4 e5 2. d4 exd4 3. c3 d5 4. exd5 Qxd5 5. cxd4 Nc6 6. Be3 Nf6 7. a3 Bf5 8. Nc3 Qd8 9. Bb5 Bd7 10. Nf3 Bd6 11. 0-0 h6 12. d5 Ne7 13. Bd4 Bxb5 14. Nxb5 Qd7 15. Bxf6 gxf6 16. Nxd6+ Qxd6 17. Qa4+ Qd7 18. Qf4 0-0-0 19. Qxf6 Nxd5 20. Qh4 Qf5 21. Nd4 Qg6 22. Rac1 Rhg8 23. g3 Kb8 24. Nb5 f5 25. Rfd1 Qg5 26. Qc4 c6 27. Qc5 cxb5 28. Rxd5 Qxc1+ 29. Qxc1 Rxd5 30. Qf4+ Ka8 31. Qxh6 a6 32. h4 Rgd8 33. Qf4 Rd1+ 34. Kg2 R8d2 35. Qxf5 Rxb2 36. Qc8+ Ka7 37. Qc5+ Ka8 38. Qc8+ Ka7 39. h5 Rdd2 40. Qc5+ b6 41. Qc7+ Ka8 42. Qxb6 1-0

[Event "Catalunya-ch (Women)"]
[Site "Barbera del Valles"]
[Date "2010.12.07"]
[Round "6"]
[White "Casset Bello, Elena"]
[Black "Clavell Hernandez, Gemma"]
[Result "1/2-1/2"]
[WhiteElo "1876"]
[BlackElo "1585"]
[PlyCount "84"]
[EventDate "2010.12.04"]
[EventType "swiss"]
[EventRounds "6"]
[EventCountry "ESP"]
[SourceTitle "EXT 2019"]
[Source "ChessBase"]
[SourceDate "2018.10.10"]
[SourceVersion "1"]
[SourceVersionDate "2018.10.10"]
[SourceQuality "1"]

1. d4 Nf6 2. c4 c5 3. d5 b5 4. cxb5 a6 5. bxa6 Bxa6 6. Nc3 d6 7. e4 Bxf1 8. Kxf1 g6 9. g3 Bg7 10. Kg2 0-0 11. Nf3 Nbd7 12. h3 Qb6 13. Nd2 Rfc8 14. Nc4 Qb4 15. Qe2 Nb6 16. Nxb6 Qxb6 17. Bg5 h6 18. Be3 Rcb8 19. Rab1 Qb7 20. Qd2 Kh7 21. f4 e6 22. Kh2 exd5 23. exd5 Nd7 24. Rhf1 Nb6 25. f5 Re8 26. Bf4 Bxc3 27. bxc3 Qxd5 28. Qxd5 Nxd5 29. fxg6+ Kxg6 30. Bxd6 Rxa2+ 31. Kg1 Ree2 32. Rfe1 Rg2+ 33. Kh1 Nxc3 34. Rb6 Rh2+ 35. Kg1 Rag2+ 36. Kf1 Rf2+ 37. Kg1 Ne2+ 38. Rxe2 Rxe2 39. Bxc5+ Kh7 40. Rf6 Rxh3 41. Rxf7+ Kg6 42. Rf3 Rhh2 1/2-1/2

[Event "Catalunya-ch (Women)"]
[Site "Barbera del Valles"]
[Date "2010.12.05"]
[Round "2"]
[White "Casset Bello, Elena"]
[Black "Ruiz Font, Elisabet"]
[Result "0-1"]
[WhiteElo "1876"]
[BlackElo "1920"]
[PlyCount "108"]
[EventDate "2010.12.04"]
[EventType "swiss"]
[EventRounds "6"]
[EventCountry "ESP"]
[SourceTitle "EXT 2019"]
[Source "ChessBase"]
[SourceDate "2018.10.10"]
[SourceVersion "1"]
[SourceVersionDate "2018.10.10"]
[SourceQuality "1"]

1. d4 f5 2. e4 fxe4 3. Nc3 Nf6 4. Bg5 Nc6 5. d5 Ne5 6. Qe2 c6 7. Bxf6 gxf6 8. Qh5+ Nf7 9. Bc4 cxd5 10. Bxd5 e6 11. Bxe4 Qb6 12. Qb5 Bc5 13. Qxb6 Bxb6 14. Nge2 d5 15. Bd3 Bd7 16. a4 Ne5 17. Bb5 Ba5 18. 0-0-0 Rg8 19. Bxd7+ Nxd7 20. g3 a6 21. Rhf1 Rd8 22. f4 Nb6 23. Rd3 Rg7 24. Nd4 Re7 25. Nb3 Bxc3 26. Rxc3 Nxa4 27. Rd3 b6 28. Rfd1 Nc5 29. Nxc5 bxc5 30. f5 d4 31. c3 e5 32. cxd4 cxd4 33. g4 Rc7+ 34. Kb1 Rg7 35. Ra3 Rd6 36. h3 Rb7 37. Rad3 Rdb6 38. R1d2 Kd7 39. h4 h6 40. Rg3 Rb3 41. Rxb3 Rxb3 42. g5 hxg5 43. hxg5 fxg5 44. Rg2 Ke7 45. Rxg5 Kf6 46. Rg6+ Kxf5 47. Rxa6 e4 48. Kc2 Rh3 49. b4 Rh2+ 50. Kb3 e3 51. b5 e2 52. Ra1 Rf2 53. Re1 d3 54. Kc3 Rf1 0-1